Keyguide to information sources on the international protection of human rights (Record no. 48621)

MARC details
000 -LEADER
fixed length control field 00704nam a2200181 a 4500
008 - FIXED-LENGTH DATA ELEMENTS--GENERAL INFORMATION
fixed length control field 100112s1987 ||||||||||||||||| || u
020 ## - INTERNATIONAL STANDARD BOOK NUMBER
International Standard Book Number 0720118735
050 ## - LIBRARY OF CONGRESS CALL NUMBER
Classification number KD 21 And
100 ## - MAIN ENTRY--PERSONAL NAME
Personal name Hines, W. D
245 10 - TITLE STATEMENT
Title Keyguide to information sources on the international protection of human rights
Statement of responsibility, etc. J. A. Andrews; W. D. Hines
260 ## - PUBLICATION, DISTRIBUTION, ETC.
Place of publication, distribution, etc. London
Name of publisher, distributor, etc. Mansell Publishing Limited
Date of publication, distribution, etc. 1987
300 ## - PHYSICAL DESCRIPTION
Extent xiii, 169p.
350 ## - PRICE (NR) (BK AM CF MU VM SE) [OBSOLETE]
Price 0.00
650 ## - SUBJECT ADDED ENTRY--TOPICAL TERM
Topical term or geographic name entry element LAW
650 ## - SUBJECT ADDED ENTRY--TOPICAL TERM
Topical term or geographic name entry element CIVIL RIGHTS (INTERNATIONAL LAW)--BIBLIOGRAPHY
700 ## - ADDED ENTRY--PERSONAL NAME
Personal name Andrews, J. A
995 ## - RECOMMENDATION 995 [LOCAL, UNIMARC FRANCE]
-- 0.00
-- CBU-MAIN LIBRARY (Kitwe)
-- 1
-- 0.00
-- 1
-- AVAILABLE
-- Jan 12, 2010
-- Annex Low-Usage Collection
Holdings
Withdrawn status Lost status Source of classification or shelving scheme Damaged status Not for loan Home library Current library Shelving location Date acquired Total Checkouts Full call number Barcode Date last seen Price effective from Koha item type
          CBU-MAIN LIBRARY, KITWE. CBU-MAIN LIBRARY, KITWE.   11/30/2022   KD 21 And 39851 11/30/2022 11/30/2022 MONOGRAPH